00000000nam##2200000za#4500
0019.570873
003CaOODSP
00520210624182442
007cr |||||||||||
008150406|2008||||xxc|||||o    f|0| 0 eng|d
022 |a1919-5087
040 |aCaOODSP|beng
043 |an-cn---
0861 |aFs70-6/2008-056E-PDF
1101 |aCanada. |bDepartment of Fisheries and Oceans. |bCentral and Arctic Region.
24510|aAdvice relevant to the identification of critical habitat for Cumberland Sound belugas |h[electronic resource]
2461 |aCentral and Arctic Region - Cumberland Sound beluga habitat
260 |aWinnipeg - Manitoba : |bFisheries and Oceans Canada. |cMarch 2009.
300 |a4p.|bcoloured map, illus., references
4901 |aCanadian Science Advisory Secretariat science advisory report |x1919-5087|v2008/056, Central & Arctic Region
590 |a11-21-Supp|b2011-09-30
77508|tAvis sur la désignation de l'habitat essentiel des bélugas de la baie Cumberland |w(CaOODSP)9.601517
830#0|aScience advisory report (Canadian Science Advisory Secretariat)|x1919-5087|v2008/056, Central & Arctic Region|w(CaOODSP)9.506226
85640|ahttp://publications.gc.ca|qPDF|s498 KB|uhttps://publications.gc.ca/collections/collection_2011/mpo-dfo/Fs70-6-2008-056-eng.pdf|y2008/056, Central & Arctic Region